000 00550nam a22001577a 4500
005 20251108165023.0
008 250721s1984 xx 000 0 ara d
082 1 4 _a956.08/شري
100 1 _aالشريقي، إبراهيم
245 1 0 _aالثورة العربية الكبرى :
_bدوافعها و حصادها و الأحداث التي مر بها المشرق العربي /
264 1 _aعمان :
_c1984.
300 _a95ص : مص
650 1 7 _aالثورة العربية الكبرى 1916-1918
942 _2ddc
_cBK
999 _c20086
_d20086